000 00533 a2200169 4500
999 _c998
_d998
020 _a9783658066598
050 _aG155.A1 TOU 2015
100 _aPechlaner, Herald
_eeditor
245 _aTourism and leisure:
_bcurrent issues and perspectives of development/
_cHerald Pechlaner and Egon Smeral
264 _aGermany:
_bSpringer Gabler
_c2015
300 _a389p.
500 _aIncludes bibliographical references and index
650 _aTourism
650 _aLeisure
700 _aSmeral. Egon
_eeditor
942 _2lcc
_cBK
_h155.A1
_iTOU
_kG